000
00278 a2200121 4500
022
_a
9788131506509
090
_c
2015
_d
2015
100
_a
LEACH J. CHRIS LEACH
245
_a
FINANCE FOR ENTREPRENEURS
260
_a
NEW DELHI
300
_a
472
942
_a
NBS
_c
BK
_k
658.15421 LEA
999
_c
344518
_d
344518